000 00880nam a22002055i 4500
001 163959
003 ES-MaACL
005 20250717065137.0
008 991117s1893 po a |||| | por d
040 _aCCPB | B
_bspa
_cCCPB | B
100 1 _aRosa, Accacio.
_9132056
245 1 0 _aA nossa independencia e o iberismo /
_cAccacio Rosa ; obra illustrada com o retrato do auctor e prefaciada por Antonio de Serpa Pimentel ; e precedida de cartas ineditas, expressamente dirigidas ao auctor, pelos reconhecidos pensadores ...
260 _aLisboa :
_b[s.n.,
_cs.a.] (
_fTypographia de F. Silva)
300 _aXL, 310, [1] p., [1] h. de fot. ;
_c17 cm.
596 1 _aEn fin de texto consta el año 1893.
651 4 _aPortugal-
_xHistoria.
_96241
700 1 _aSerpa Pimentel, António de,
_d1825-1900
_9132658
852 _aES-MaACL
_jG-8841
_z-- Rust.
999 _c163959
_d163959